000 00725nam a2200229 a 4500
999 _c11400
_d11400
001 11400
003 BD-JhCC
005 20190921130511.0
008 190911b20082014bg a|||| ||a| 001 0 ben d
020 _a9847020300014
035 _a(BD-JhCC)11400
040 _aBD-JhCC
_dBD-JhCC
041 _aben
082 _bALA 2014
_a910.3
100 _aআলম, কে. আশরাফুল
245 _aভূগোল ও পরিবেশকোষ /
_cকে. আশরাফুল আলম ।
260 _aঢাকা:
_bপারফেক্ট পাবলিকেশন্স;
_c২০১৪.
300 _averies pages
_bill;
_c26 cm.
650 _aGeography
_xEncyclopedia
942 _2ddc
_cBK